| 000 | 00465nmm a22001697a 4500 | ||
|---|---|---|---|
| 005 | 20170209142629.0 | ||
| 008 | 150727b xxu||||| |||| 00| 0 spa d | ||
| 041 | _aEspañol | ||
| 082 | _aMD 53 | ||
| 100 |
_aFuentes Alvarado, Alexandra _94097 |
||
| 245 | _aInforme de Práctica Supervisada realizado en Proyecto Mobar | ||
| 260 | _c2012 | ||
| 650 |
_aCOSTA RICA _938785 |
||
| 650 |
_aMECÁNICA DENTAL _938786 |
||
| 650 |
_aCORONAS METÁLICAS _94099 |
||
| 942 | _cIP | ||
| 999 |
_c6680 _d6680 |
||